Catálogo - Centro de Recursos para el Aprendizaje y la Investigación
Volver al Sitio - CRAI Biblioteca| 000 -CABECERA | |
|---|---|
| campo de control de longitud fija | 01444nam a22002777a 4500 |
| 001 - NÚMERO DE CONTROL | |
| campo de control | 113776 |
| 003 - IDENTIFICADOR DEL NÚMERO DE CONTROL | |
| campo de control | DR-UNIBE |
| 005 - FECHA Y HORA DE LA ÚLTIMA TRANSACCIÓN | |
| campo de control | 20250702114215.0 |
| 008 - DATOS DE LONGITUD FIJA--INFORMACIÓN GENERAL | |
| campo de control de longitud fija | 250625b2015 dr ||||| |||| 00| 0 spa d |
| 020 ## - NÚMERO INTERNACIONAL ESTÁNDAR DEL LIBRO | |
| Número Internacional Estándar del Libro | 9789945594096 |
| 040 ## - FUENTE DE LA CATALOGACIÓN | |
| Centro catalogador/agencia de origen | BIBLIOTECA UNIBE |
| Lengua de catalogación | spa |
| Centro/agencia transcriptor | BIBLIOTECA UNIBE |
| Normas de descripción | rda |
| 041 ## - CÓDIGO DE LENGUA | |
| Código de lengua del texto/banda sonora o título independiente | spa |
| 082 ## - NÚMERO DE LA CLASIFICACIÓN DECIMAL DEWEY | |
| Número de clasificación | F-RD 5984 |
| 100 ## - ENTRADA PRINCIPAL--NOMBRE DE PERSONA | |
| Nombre de persona | González, Fabián |
| Término indicativo de función/relación | autor |
| 9 (RLIN) | 196550 |
| 245 10 - MENCIÓN DE TÍTULO | |
| Título | Guía : |
| Resto del título | salud emocional : proyecto creciendo en bienestar escuela de familia / |
| Mención de responsabilidad, etc. | Fabián González |
| 260 ## - PUBLICACIÓN, DISTRIBUCIÓN, ETC. | |
| Lugar de publicación, distribución, etc. | Santo Domingo : |
| Nombre del editor, distribuidor, etc. | Instituto Tecnológico de Santo Domingo (INTEC) : |
| -- | Comedores Económicos del Estado Dominicano (CEED) : |
| -- | CREM, |
| Fecha de publicación, distribución, etc. | 2013 |
| 300 ## - DESCRIPCIÓN FÍSICA | |
| Extensión | 29 páginas |
| 505 ## - NOTA DE CONTENIDO CON FORMATO | |
| Nota de contenido con formato | Sobre esta guía |<br/>Propósitos |<br/>Temas tratados en esta guía |<br/>A modo de introducción |<br/>Cuido de mí y también de ti |<br/> Analizo qué me desequilibra |<br/>Reconociendo mis emociones. |<br/> Herramientas para el manejo de emociones |<br/>Actividades |<br/> Palabras de ánimo |<br/> El viejo y el nuevo yo |<br/> Calendario de bienestar |<br/>Para cultivar emociones te invitamos a que |<br/>Mi nueva historia |<br/>Referencias | |
| 650 #7 - PUNTO DE ACCESO ADICIONAL DE MATERIA--TÉRMINO DE MATERIA | |
| Fuente del encabezamiento o término | lemb |
| Término de materia o nombre geográfico como elemento de entrada | Salud mental |
| 650 #7 - PUNTO DE ACCESO ADICIONAL DE MATERIA--TÉRMINO DE MATERIA | |
| Fuente del encabezamiento o término | lemb |
| Término de materia o nombre geográfico como elemento de entrada | Emociones |
| 700 ## - PUNTO DE ACCESO ADICIONAL--NOMBRE DE PERSONA | |
| Nombre de persona | Lora, Isabel |
| Término indicativo de función/relación | editor |
| 9 (RLIN) | 196893 |
| 700 ## - PUNTO DE ACCESO ADICIONAL--NOMBRE DE PERSONA | |
| Nombre de persona | Rosario, Fari, |
| Fechas asociadas al nombre | 1981 - |
| 9 (RLIN) | 57550 |
| Término indicativo de función/relación | editor |
| -- | corrector |
| 700 ## - PUNTO DE ACCESO ADICIONAL--NOMBRE DE PERSONA | |
| Nombre de persona | Freixas, Verouschka |
| Término indicativo de función/relación | iustrador |
| 9 (RLIN) | 53440 |
| 700 ## - PUNTO DE ACCESO ADICIONAL--NOMBRE DE PERSONA | |
| Fechas asociadas al nombre | Cruz, Jesús Alberto de la |
| Término indicativo de función/relación | diseñador |
| -- | diagramador |
| 9 (RLIN) | 196894 |
| 942 ## - ELEMENTOS DE PUNTO DE ACCESO ADICIONAL (KOHA) | |
| Fuente del sistema de clasificación o colocación | Sistema de Clasificación Decimal Dewey |
| Tipo de ítem Koha | Folleto |
| Estado de retiro | Estado de pérdida | Fuente del sistema de clasificación o colocación | Estado dañado | No para préstamo | Código de colección | Localización permanente | Fecha de adquisición | Total de préstamos | Signatura topográfica completa | Código de barras | Fecha visto por última vez | Número de copia | Precio válido a partir de | Tipo de ítem Koha |
|---|---|---|---|---|---|---|---|---|---|---|---|---|---|---|
| Disponible | Sistema de Clasificación Decimal Dewey | Folletos - Dominicanos | Biblioteca Central UNIBE | 02/07/2025 | F-RD 5984 | F250109 | 02/07/2025 | Ej. 1 | 02/07/2025 | Folleto |